Natural products in the new millennium: : prospects and industrial application

Saved in:
Bibliographic Details
Other Authors: Rauter, Amelia Pilar 1950- (Editor)
Format: Book
Language:English
Published: Dordrecht ; Boston : Kluwer Academic Publishers, c2002
Series:Proceedings of the Phytochemical Society of Europe ; ; 47
Subjects:
Tags: Add Tag
No Tags, Be the first to tag this record!

MARC

LEADER 00000nam a2200000 i 4500
001 1/21073
008 051220s2002 eng d
020 |a 1-4020-1047-8 
035 |l 10081778 
040 |a GR-MY-UA  |b gre  |e aacr 
041 0 |a eng 
082 0 |a 660.6  |2 (22) 
245 1 0 |a Natural products in the new millennium: :  |b prospects and industrial application /  |c edited by Amelia Pilar Rauter ... [et al.] 
260 |a Dordrecht ; Boston :   |b Kluwer Academic Publishers,   |c c2002 
300 |a xxix, 505 σ.;  |b εικ.;  |c 25 εκ. 
490 1 |a Proceedings of the Phytochemical Society of Europe  |v ; 47 
504 |a Περιέχει βιβλιογραφία 
650 0 0 |a Biological products. 
650 0 0 |a Natural products. 
650 0 0 |a Pharmacognosy. 
650 0 0 |a Biotechnology. 
700 1 |a Rauter, Amelia Pilar  |d 1950-  |4 edt 
830 0 |a Proceedings of the Phytochemical Society of Europe ;  |v ; 47 
852 |a INST  |b LESVOS  |e 20051220  |h 660.6 NAT  |p 005100033828  |q 005100033828  |t BK  |y 0 
852 |a INST  |b LESVOS  |e 20051220  |h 660.6 NAT  |p 005100033829  |q 005100033829  |t BK  |y 0 
852 |a INST  |b LESVOS  |e 20051220  |h 660.6 NAT  |p 005100033830  |q 005100033830  |t BK  |y 0 
901 |a BIBL1-2005-3 
909 |a Λ  |b 125441 
909 |a Λ  |b 125442 
909 |a Λ  |b 125443 
920 |a ΔΙΕΥΡΥΝΣΗ  |b ΕΠΕΑΕΚ-ΤΕΘ  |y ΛΕΣΒΟΣ  |z 2005-12 
970 |a ΚΑΡΑ  |b ΓΙΑΣΕΜΗ  |z 2005/12/20